| 000 | 00764nam a2200265Ia 4500 | ||
|---|---|---|---|
| 001 | Para_6176 | ||
| 003 | CHAP | ||
| 008 | 220125s1981 xx 000 0 und d | ||
| 010 | _a204796 | ||
| 040 | _cCHAP | ||
| 090 | _aPA FOLLETO 289 | ||
| 110 |
_aInstituto Nacional de Investigaciones Agrícolas (México). CIANC _9170747 |
||
| 245 |
_aObservaciones de frijol intercalado en plantaciones de vid / _c por INIA.CIANC |
||
| 260 |
_aPabellón, Agrs. : _b El Instituto |
||
| 300 | _a10 p. | ||
| 650 |
_aFrijol _x hibridos _943391 |
||
| 710 |
_aINIA.CIANC _9170748 |
||
| 901 | _aPA FOLLETO 289 | ||
| 902 | _aA | ||
| 905 | _a0000001981 i 0000000000 00 | ||
| 910 | _a1981 | ||
| 942 | _cPARA | ||
| 942 |
_cPARA _d1 |
||
| 999 |
_c204796 _d204796 |
||